000 01175cam a2200277 i 4500
003 SA-RiAUC
005 20251007115834.0
008 250729s2003 su g 000 0 ara c
040 _aSA-RiAUC
_bara
_cSA-RiAUC
_erda
082 0 4 _a252.29
090 _a252.29
_bش ن ق
100 1 _aالشنقيطي، محمد الأمين بن محمد المختار بن عبد القادر،
_d1907-1973
_eمؤلف.
245 1 2 _aالإجابة الصادرة في صحة الصلاة في الطائرة /
_cمحمد الأمين الشنقيطي.
246 3 0 _aصحة الصلاة في الطائرة
250 _aالطبعة الأولى.
264 1 _aالزلفي، السعودية :
_bدار المتعلم للنشر والتوزيع،
_c2003
300 _a60 صفحة ؛
_c18 سم
336 _aنص
_btxt
_2rdacontent
_3كتاب
337 _aبدون وسيط
_bn
_2rdamedia
338 _aمجلد
_bnc
_2rdacarrier
650 7 _aصلاة المسافر (فقه إسلامي)
_2aucsh
650 7 _aالصلاة (إسلام)
_2aucsh
650 7 _aالرحلات (فقه إسلامي)
_2aucsh
942 _2ddc
_cBOOK
_n0
949 _aSA-JeALM
_d250729
_umohamedma123
_n1
999 _c12446
_d12446